00294nam a22000977a 4500008004100000082001100041100006200052245001900114260005500133300000800188260601b |||||||| |||| 00| 0 eng d a001847 aVirnarayancharya Pandurangi and Pt S R Pradipsinghacharya aMukti Tattvam  aBangalorebPoornaprajna Samshodhana Mandiramc2003 a59p